| Tag |
First Indicator |
Second Indicator |
Subfields |
| LEADER |
00000cam a2200000 a 4500 |
| 001 |
in00001402428 |
| 005 |
20151020055353.0 |
| 008 |
970714s1997 caua 001 0 eng d |
| 010 |
|
|
|a 97073634
|
| 020 |
|
|
|a 0764531204 (pbk.) :
|c $19.99
|
| 035 |
|
|
|a (OCoLC)37740497
|
| 035 |
|
|
|9 AHN4299AM
|
| 040 |
|
|
|a OCo
|c DLC
|d TXA
|d UtOrBLW
|
| 042 |
|
|
|a lccopycat
|
| 049 |
|
|
|a TXAM
|
| 050 |
0 |
0 |
|a HF5548.4.M525
|b O34 1997
|
| 082 |
0 |
0 |
|a 005.369
|2 21
|
| 100 |
1 |
|
|a O'Hara, Shelley.
|
| 245 |
1 |
0 |
|a Office 97 small business solutions /
|c Shelley O'Hara and Deborah Allen Rider.
|
| 246 |
3 |
0 |
|a Office ninety-seven small business solutions
|
| 264 |
|
1 |
|a Foster City, CA :
|b IDG Books Worldwide,
|c [1997]
|
| 264 |
|
4 |
|c ©1997
|
| 300 |
|
|
|a xxvi, 430 pages :
|b illustrations ;
|c 23 cm.
|
| 336 |
|
|
|a text
|b txt
|2 rdacontent
|
| 337 |
|
|
|a unmediated
|b n
|2 rdamedia
|
| 338 |
|
|
|a volume
|b nc
|2 rdacarrier
|
| 504 |
|
|
|a Includes index.
|
| 630 |
0 |
0 |
|a Microsoft Office.
|
| 630 |
0 |
0 |
|a Microsoft Word.
|
| 630 |
0 |
0 |
|a Microsoft Excel (Computer file)
|
| 630 |
0 |
0 |
|a Microsoft PowerPoint (Computer file)
|
| 630 |
0 |
0 |
|a Microsoft Outlook.
|
| 650 |
|
0 |
|a Small business
|x Computer programs.
|
| 650 |
|
0 |
|a Word processing.
|
| 650 |
|
0 |
|a Database management
|x Computer programs.
|
| 650 |
|
0 |
|a Electronic spreadsheets.
|
| 650 |
|
0 |
|a Business presentations
|x Graphic methods
|x Computer programs.
|
| 650 |
|
0 |
|a Time management
|x Computer programs.
|
| 650 |
|
0 |
|a Personal information management
|x Computer programs.
|
| 650 |
|
0 |
|a Web sites
|x Design.
|
| 650 |
|
0 |
|a World Wide Web.
|
| 700 |
1 |
|
|a Christy, Deborah Alyne.
|
| 948 |
|
|
|a C:BLW
|d 20030515
|
| 999 |
|
|
|a MARS
|
| 999 |
f |
f |
|s 653c7d4b-93f6-36c3-b1f5-870620e11ee3
|i de925419-46e5-314c-9c0f-e54abc20daa1
|t 0
|
| 952 |
f |
f |
|p ric
|a Texas A&M University
|b Rellis Campus
|c Joint Library Facility
|d Remote Storage
|t 0
|e HF5548.4.M525 O34 1997
|h Library of Congress classification
|i unmediated -- volume
|m A14822445223
|
| 998 |
f |
f |
|a HF5548.4.M525 O34 1997
|t 0
|l Remote Storage
|